[Event "FIDE WCh Women KO"]
[Site "Ekaterinburg RUS"]
[Date "2006.03.14"]
[Round "2.2"]
[White "Xu Yuhua"]
[Black "Ushenina, Anna"]
[Result "1-0"]
[WhiteElo "2502"]
[BlackElo "2398"]
[Annotator "Martin, A"]
[PlyCount "51"]
[EventDate "2006.03.11"]
[EventRounds "6"]
[EventCountry "RUS"]
[Source "EDAMI"]
[SourceDate "2006.12.20"]

1. e4 c6 2. d4 d5 3. Nd2 dxe4 4. Nxe4 Bf5 5. Ng3 Bg6 6. h4 h6 7. Nf3 Nd7 8. h5
Bh7 9. Bd3 Bxd3 10. Qxd3 e6 11. Bd2 Ngf6 12. O-O-O Be7 ({Una línea bastante
habitual en los últimos tiempos. Las negras preparan el enroque corto sin
temer la reacción blanca con el avance g2-g4. Anteriormente se prefería
preparar el enroque largo con} 12... Qc7) 13. Qe2 ({Actualmente se prefiere} 
13. Ne4 {aunque tras} Nxe4 14. Qxe4 Nf6 15. Qe2 Qd5 16. c4 Qe4 17. Qxe4 Nxe4
18. Be3 {las blancas no han conseguido demostrar que su ligera ventaja pueda
servir para mucho.}) 13... O-O 14. Kb1 ({
Una jugada que siempre resulta útil en estas posiciones. La alternativa} 14.
Ne5 {no crea demasiados problemas a las negras tras} c5 15. dxc5 Nxc5) 14...
Qb6 ({La continuación principal es} 14... c5 {aunque contra ella es
interesante el sacrificio de peón realizado por Jovaba frente a Bareev:} 15. d5
$5 exd5 ({probablemente es mejor} 15... Nxd5 16. Ne4 Qb6) 16. Bxh6 $1 gxh6 17.
Nf5 Re8 18. Nxh6+ {con un peligroso ataque Jovaba-Bareev. Rethymnon 2003.}) 15.
c4 Rfe8 16. Ne5 ({Contra} 16. Bc3 {las negras pueden jugar} Bb4) 16... Rad8 17.
Bc3 c5 18. Nxd7 Nxd7 ({Tras} 18... Rxd7 {las blancas pueden jugar} 19. dxc5
Qxc5 20. Bxf6 Rxd1+ 21. Rxd1 Bxf6 22. Ne4 {con una ligera ventaja.}) 19. Ne4
cxd4 20. Bxd4 ({Las blancas no sacaron nada con} 20. Rxd4 Nf6 21. Rhd1 Nxe4 22.
Qxe4 Bf6 {Stellwagen-Timman. Amsterdam, 2005}) 20... Qc6 21. Qg4 Bf8 ({
Novedad, aunque la presente partida pone en duda su valor. En la partida Ye
Jiangchuan - Izoria. Ol Calvia, 2004 las negrasjugaron} 21... e5 {y tras} 22.
Bc3 (22. Be3 {pues entonces tras} Nf6 23. Nxf6+ {
no vale 23...Bxf6 por 24.Bxh6 con lo que las negras deben jugar} Qxf6 24. Rd7 {
con cierta iniciativa de las blancas.}) 22... Nf6 23. Nxf6+ Bxf6 {se acordaron
las tablas. Posiblemente las blancas puedan aspirar a lograr alguna ventaja si,
en lugar de 22.Bc3 continuan con}) 22. Bf6 $1 Rc8 23. Rh3 ({
Un momento importante. La combinación} 23. Rxd7 Qxd7 24. Bxg7 {falla por} Qd3+)
({Era posible invertir el orden y entonces la combinación sí que funciona:} 23.
Bxg7 $5 Bxg7 ({No} 23... f5 24. Rxd7 $1 {ganando.}) 24. Rxd7 {pero después de}
Red8 25. Rxd8+ (25. Nf6+ Kf8 26. Rxf7+ Kxf7 27. Qg6+ Kf8 {solo da tablas tras}
28. Nh7+ Kg8 29. Nf6+ Kf8) 25... Rxd8 26. Rc1 {y las blancas ganan un peón,
aunque todavía no es fácil hacer valer esa ventaja. Es posible que Xu buscase
más y la reacción equivocada de su rival le facilita las cosas.}) 23... Qxc4 $2
({Las negras no encuentran la defensa prácticamente única y realizan esta
captura que pierde de modo forzado. Era necesario jugar} 23... Nc5 $1 {
Probablemente Ushenina vio que las blancas tendrían el golpe} 24. Nd6 {
y por ello rechazó esa jugada, pero tras} Red8 25. Nxc8 Qe4+ $1 26. Qxe4 Rxd1+
27. Kc2 Nxe4 28. Kxd1 Nxf2+ 29. Ke2 Nxh3 30. Be5 Ng5 31. Nxa7 {
las blancas están algo mejor, pero todavía queda mucha partida por delante.})
24. Rc3 Qb5 25. Rxd7 $1 Kh8 ({Ahora tras} 25... Qxd7 26. Bxg7 {ya no existe el
jaque en d3 y las negras pierden. Pero la jugada de la partida tampoco es
mejor.}) 26. Rxf7 1-0

[Event "FIDE WCh Women KO"]
[Site "Ekaterinburg RUS"]
[Date "2006.03.25"]
[Round "6.3"]
[White "Galliamova, Alisa"]
[Black "Xu Yuhua"]
[Result "0-1"]
[WhiteElo "2467"]
[BlackElo "2502"]
[Annotator "Martin, A"]
[PlyCount "116"]
[EventDate "2006.03.11"]
[EventRounds "6"]
[EventCountry "RUS"]
[Source "EDAMI"]
[SourceDate "2006.12.20"]

1. d4 e6 2. Nf3 ({En la primera partida del match Galliamova no pudo sacar
mucho frente a la Defensa Francesa tras} 2. e4 d5 3. Nc3 Nf6 4. Bg5 dxe4 5.
Nxe4 Nbd7 6. Nxf6+ Nxf6 7. Nf3 h6 8. Be3 Nd5 {
así que esta vez tenía preparado un planteamiento diferente.}) 2... Nf6 3. c4
b6 4. Nc3 Bb4 5. Qc2 (5. e3 {es la alternativa principal}) 5... Bb7 6. Bg5 h6
7. Bh4 c5 (7... Nc6 8. e3 g5 9. Bg3 Ne7 10. Bd3 Bxc3+ 11. Qxc3 Ne4 12. Bxe4
Bxe4 13. d5 $16 {Padevsky,N-Nikolaevsky/Varna/1968/}) ({Con un punto de
ventaja Xu Yuhua no quiere aventurarse en las complicaciones de la variante
más usual} 7... g5 8. Bg3 Ne4 9. Be5 f6 10. d5 {donde tal vez su rival tenía
alguna sorpresa preparada, y opta por una continuación más tranquila y menos
trillada.}) 8. a3 Bxc3+ ({Merece considerarse la idea de Keres} 8... Be4 $5 9.
Qb3 Ba5) 9. Qxc3 cxd4 ({Una buena alternativa es la sugerencia de Rabinovich} 
9... Bxf3 $5 10. Qxf3 Nc6 11. d5 Nd4 12. Qd3 Nf5 {
que sin embargo, nunca se ha llevado a la práctica.}) 10. Nxd4 Ne4 {Esta simpli
ficación lleva a un final donde las perspectivas blancas son claramente
mejores. Pero si} (10... d5 $6 11. Bxf6 $1 Qxf6 12. cxd5 O-O 13. Nb5 $1 {
las blancas tienen ventaja. Levenfish,G-Chekhover,V. Leningrad 1933}) ({
Tal vez la preventiva} 10... a6 $5 {sea una continuación aceptable.}) 11. Bxd8
Nxc3 12. Bc7 Na6 13. Bf4 Ne4 14. Nb5 g5 ({No hay tiempo para} 14... O-O 15. f3
Nf6 16. Nd6 {con clara ventaja.}) 15. Be3 (15. Be5 {es menos precisa a causa de
} f6 {ya que no vale} 16. Bxf6 $4 Nxf6 17. Nd6+ Ke7 18. Nxb7 Rab8 {
y el caballo no tiene retirada.}) 15... Ke7 16. Rd1 ({También es bueno} 16. f3
Nd6 (16... Nf6 17. Bd4 {es molesto}) 17. Nxd6 Kxd6 18. Rd1+ Ke7 19. Bd4 f6 20.
b4) 16... d5 17. f3 ({No es fácil saber porqué las blancas renunciaron a} 17.
cxd5 Bxd5 18. f3 Nf6 19. Bd4 {seguido de e4, donde su ventaja es clara. De
todas maneras la continuación elegida también es buena.}) 17... Nf6 18. Bd4
Rhd8 19. e3 ({Ahora} 19. cxd5 Nxd5 20. e4 Ndc7 {es menos bueno que en el
comentario anterior, aunque la ventaja sigue siendo de las blancas.}) 19... Rd7
20. h4 Nc7 21. hxg5 hxg5 22. c5 $1 a6 $6 ({
Buscando resolver los problemas con el sacrificio de un peón. Pero si} 22...
Nxb5 23. Bxb5 Rc7 24. cxb6 axb6 25. Bxb6 Rc2 {
las negras no consiguen compensación debido a} 26. Bd3 $1 {y no vale} Rxb2 $2
27. Bc5+ Kd7 28. Bd4 {ganando.}) 23. Nxc7 $6 ({
Las blancas se precipitan al ganar el peón. Era mucho más fuerte} 23. Nc3 $1 {
y las negras tienen serios problemas con el punto b6 ya que} bxc5 24. Bxc5+ Kd8
25. Na4 {probablemente tendrían que conformarse jugando 23...b5 con lo que la
ventaja blanca es clara y no tendrían ningún contrajuego.}) 23... Rxc7 24. cxb6
Rc6 25. a4 Nd7 26. a5 Nc5 27. Bc3 (27. b4 $1 Nb3 28. Be5 {consolidaba la
ventaja de las blancas, aunque la jugada de la partida también mantiene la
superioridad.}) 27... Na4 28. Bb4+ Kf6 29. b3 Nc5 30. Rb1 ({Todavía era posible
} 30. Bc3+ Ke7 31. b4 {y si} Ne4 32. Be5) 30... Nd7 31. Be2 ({Más natural era} 
31. Kd2 Rac8 32. Bd3 {y si} Ne5 33. Rh6+ Kg7 34. Rh7+ Kf6 (34... Kg8 35. Rh5)
35. Rbh1) 31... Rc2 32. Rh6+ Kg7 33. Rh5 Kf6 34. g3 (34. g4 {
podía ser algo más precisa.}) 34... Rac8 {aunque las mejores posibilidades
siguen estando de parte de las blancas, las negras empiezan a tener algunas
esperanzas de contrajuego.} 35. f4 gxf4 36. gxf4 Ra2 37. Rd1 ({Galliamova
aba a estar apurada de tiempo, lo que empieza a afectar a su juego. Esta
jugada no resulta útil y desprotege el peón b3. Era más fuerte} 37. Rh7 {
planteando la amenaza Bh5 y si} Kg6 38. Bd3+ Kf6 {entonces sí} 39. Rd1 {
pues ya no vale} Nc5 40. Bc3+ Ke7 41. Bg6) 37... Nc5 38. Bc3+ Ke7 39. f5 $2 ({
Después de esto el contrajuego de las negras se vuelve peligroso. Era mucho
más fuerte} 39. Rh7 {con la amenaza Bh5, y si} Rg8 {sencillamente} 40. Kf1 Ne4
41. Be1 {con idea de Rc1.}) 39... Ne4 40. Bb4+ (40. Be5 {
era algo mejor, pero la posición ya no es tan clara.}) 40... Kf6 41. Bd3 Rg8 {
De pronto las blancas comienzan a tener problemas.} 42. Rh6+ Ke5 (42... Kxf5 {
tampoco era malo. Pero ahora ya son las negras quienes han tomado lainiciativa.
}) 43. Rh1 ({Probablemente Galliamova, desmoralizada por haber perdido su
importante ventaja, no ofrece la mayor resistencia. Con} 43. fxe6 Rg1+ 44. Bf1
{las blancas mantenían el equilibrio, pues si} Rf2 45. Bc3+ $1 Kd6 46. Bb4+ {
las negras no tendrían nada mejor que repetir jugadas con} Ke5) 43... Rg3 $1 {
Las blancas pierden el peón e3 y además su rey queda en situación delicada.}
44. Bxe4 Rxe3+ 45. Kf1 dxe4 $6 (45... Rxe4 {
era más sencilla con vistas a mantener la ventaja de las negras.}) 46. fxe6
Kxe6 47. Rh6+ ({Esto ayuda a las negras. Con} 47. Rh5 {
la amenaza Rd6+ resulta suficiente para mantener la igualdad, por ejemplo} Rd3
48. Rh6+ f6 (48... Ke5 49. Rxd3 exd3 50. Rd6) 49. Rxd3 exd3 50. Rh7) 47... Kf5
48. Rd7 Rf3+ $1 {Este jaque intermedio permite ganar un importante tiempo.} 49.
Ke1 Rxb3 50. Bd2 $2 ({
Ahora las blancas pierden. La última esperanza radicaba en} 50. Rxf7+ Kg5 51.
Rd6) 50... e3 $1 51. Bc1 ({Ya no vale} 51. Rxf7+ Kg5 52. Rd6 {por} Rb1+ 53. Ke2
exd2) 51... Rb1 52. Rc7 Bf3 {
Las blancas ya no tienen defensa. El resto es fácil.} 53. Rhc6 Bxc6 54. Rxc6
Raa1 55. Ke2 Rxa5 (55... Rxc1 {también valía porque contra} 56. b7 Rcb1 57. Rb6
{existe la curiosa} Ke4 $1 {creando una red de mate. Pero las negras, en una
partida tan importante, no quieren florituras.}) 56. Bxe3 Rb2+ 57. Kf3 Rb3 58.
Rc7 Re5 0-1

[Event "7th ch-Euro"]
[Site "Kusadasi TUR"]
[Date "2006.04.13"]
[Round "9"]
[White "Kozul, Zdenko"]
[Black "Naiditsch, Arkadij"]
[Result "1-0"]
[WhiteElo "2600"]
[BlackElo "2657"]
[Annotator "Ubilava, E"]
[PlyCount "63"]
[EventDate "2006.04.04"]
[Source "EDAMI"]
[SourceDate "2006.12.20"]

{Si utilizamos la terminología futbolística, la definicion del estilo del
nuevo campeón europeo sería bastante fácil: es un jugador vertical, o sea un
jugador que busca el camino más corto hacia al rey adversario. Zdenko Kozul
busca un golpe decisivo, quiere noquear a cualquiera que se le ponga enfrente
y eso es su concepto y su pasión. Claro que eso no significa que Kozul no
pueda jugar finales o que entienda mal el juego posicional, en absoluto. Pero
cuando tiene elección entre una cosa u otra, siempre se decide por la solución
más agresiva.   Su repertorio también está orientado para crear posiciones
agresivas y en la presente partida nos muestra una de sus armas. Sin embargo,
el jugador alemán pudo evitar su derrota entrando en la lucha directa, pero
quizás fue demasiada inesperado la decisión del croata al tomar en e5 con la
dama y las negras no se atrevieron a replicar con 18...Nxc4 que llevaba a las
tablas. A pesar de eso, el error decisivo se produjo en la jugada 27...Re2?? y
Zdenko tuvo la oportunidad de noquear a su contrincante.} 1. d4 Nf6 2. Nf3 e6
3. c4 b6 4. a3 Bb7 5. Nc3 d5 6. cxd5 Nxd5 7. e3 Be7 8. Bb5+ c6 9. Bd3 Nxc3 10.
bxc3 c5 11. O-O Nc6 12. Bb2 {Ahora podemos ver que las blancas prefieren
colocar su alfil en b2, con la idea de avanzar el peon "c" creando un tandem
de peones centrales "c" y "d" y sus alfiles claramente orientados hacia el
flanco de rey.} Rc8 13. Qe2 O-O 14. Rad1 cxd4 ({
Uno de los adversarios de Kozul eligió} 14... Qc7 {
y el jugador croata no dejó dudas sobre cuales son sus preferencias en ese caso
} 15. c4 Na5 16. Ne5 Bd6 17. f4 cxd4 18. exd4 f6 19. Qh5 g5 20. fxg5 fxe5 21.
c5 bxc5 22. dxe5 Rxf1+ 23. Rxf1 Bf8 24. Bc3 c4 25. Bxa5 Qc5+ 26. Kh1 Bxg2+ 27.
Kxg2 Qc6+ 28. Kh3 cxd3 29. Qf7+ Kh8 30. Bd8 Bg7 31. Bf6 Rg8 32. g6 Qc5 33. Rf3
Qg1 34. Bxg7+ Rxg7 35. Qf8+ Rg8 36. Qf6+ Rg7 37. Rg3 {
1-0  Kozul-Gofstein, Nova Gorica op 1997}) 15. exd4 Bf6 16. c4 Na5 17. Ne5 Bxe5
18. Qxe5 {Zdenko ha empleado con éxito varias veces la continuación} (18. dxe5
{. Uno de sus adversarios siguió} Qh4 19. f4 Nb3 20. Bc2 Nc5 21. f5 Rfd8 22. f6
Ba6 23. g3 Qh3 24. Rxd8+ Rxd8 25. Rd1 Rd7 26. Qf3 gxf6 27. Qa8+ {
1-0 Z.Kozul-B.Lalic YUG ch. 1989}) 18... Qc7 {después de} (18... Nxc4 $1 19.
Bxc4 Rxc4 20. d5 Rg4 21. f3 Rg5 22. dxe6 Rxe5 23. exf7+ Kxf7 24. Rxd8 Rxd8 25.
Bxe5 {la partida debería terminar en tablas.}) 19. Qh5 g6 20. Qh6 Nxc4 21. Bxc4
Qxc4 22. d5 f6 23. Rd4 ({La continuación} 23. d6 Qb5 24. Rd2 Bd5 {
sería problemática para las blancas}) 23... Qb3 24. dxe6 Qxe6 (24... Qxb2 $4
25. Rd7) 25. Rfd1 Rfe8 ({Después de} 25... Bc6 {
las negras podían vivir tranquilas}) 26. h3 Qc6 27. f3 {diagrama} Re2 $4 {
Un error inexplicable. Había que seguir} (27... Qc5 28. Kh2 Qe5+ (28... Bc6 29.
Rd6 Qg5 30. Qxg5 fxg5 31. Bf6 {también lleva a la igualdad}) 29. Kh1 Qe3 30.
Qxe3 Rxe3 31. Rd6 {con un equilibrio evidente de las fuerzas}) 28. Rd8+ Rxd8 ({
También pierde} 28... Re8 {por} 29. R1d7) 29. Rxd8+ Re8 30. Bxf6 $1 Kf7 31.
Qg7+ Ke6 32. Rd1 1-0

[Event "7th ch-Euro"]
[Site "Kusadasi TUR"]
[Date "2006.04.08"]
[Round "5"]
[White "Luther, Thomas"]
[Black "Ivanchuk, Vassily"]
[Result "0-1"]
[WhiteElo "2569"]
[BlackElo "2729"]
[Annotator "Ubilava, E"]
[PlyCount "76"]
[EventDate "2006.04.04"]
[Source "EDAMI"]
[SourceDate "2006.12.20"]

{Esta es una partida abierta y vibrante, de las que gustan a los aficionados.
El planteamiento de las negras fue muy astuto. Ivanchuk se fijó en que su
rival, en una de las rondas anteriores contra O.Jovanic, utilizó con blancas
un orden de jugadas dudoso y obligó a su adversario a quedarse sin enroque,
aunque su propio rey también tenía que buscar refugio en el flanco de dama. El
error de las negras se produjo en la jugada 17... f6? (habia que seguir con 17.
.. Kc7! y en ese caso el jugador ucraniano conseguiría una gran ventaja). Y un
error trae otro y el destino de la partida pudo cambiar completamente, pero el
gran maestro germano no encontró la jugada decisiva 27.Rd3!!, se equivocó y la
iniciativa otra vez pasó a las negras. A partir de ese momento, Ivanchuk llevó
el resto de la partida sin errores.} 1. e4 c5 2. Nf3 e6 3. d4 cxd4 4. Nxd4 Nc6
5. Nc3 Qc7 6. f4 a6 7. a4 Nf6 {La partida mencionada, que animó a Luther a
repertir esa misma apertura contra Ivanchuk, siguió otro camino completamente
diferente} (7... Bb4 8. Nxc6 Qxc6 9. Qd4 Bxc3+ 10. bxc3 Nf6 11. Bd3 O-O 12. Ba3
Re8 13. e5 Nd5 14. c4 Ne7 15. Bxe7 Rxe7 16. Be4 Qc7 17. a5 f6 18. O-O Rf7 19.
c5 {con ventaja decisiva, Luther T.-Jovanic O. 7th Euro-ch. Kusadasi 2006}) 8.
e5 Nd5 9. Nxd5 exd5 10. Nf5 d6 11. exd6 Bxd6 12. Nxd6+ {
Las negras no tendrían preocupaciones en caso de} (12. Nxg7+ Kf8 13. Nh5 Bf5
14. Ng3 Bg6) 12... Qxd6 13. Bd3 {diagrama} Qc5 $1 14. Qe2+ Kd8 $1 {Con esta jug
ada, el gran maestro ucraniano muestra totalmente su idea de apertura. A pesar
de que el rey negro se queda en el centro, las negras rápidamente toman el
control de la columna "e" y adelantan considerablemente a su rival en el
desarrollo.} 15. Qf2 ({Pierde} 15. Be3 $4 {por} d4) 15... Re8+ 16. Kf1 d4 {
Por supuesto, Vasily busca más que la igualdad, que podía conseguir fácilmente
en la variante} (16... Qxf2+ 17. Kxf2 Nb4 18. Ra3 Bd7 19. Bd2 Nxd3+ 20. Rxd3
Bxa4 21. Rxd5+ Kc7) 17. Qh4+ ({
Es difícil adivinar lo que pensaba hacer Vasily en caso de} 17. f5 {
pero una de las alternativas era} Ne5 18. Be2 Qxc2 19. Qxd4+ Bd7 20. Bf4 Qxf5
21. Kg1 Rc8 22. Rf1 Rc2 23. Bg3 Qg6 {
con una posición poco clara. Otra continuación más tranquila era 15...Bd7})
17... f6 $2 {
Como muestran los análisis posteriores, es un error. En cambio, después de} (
17... Kc7 $1 18. Qxh7 Nb4 19. Bd2 ({pierde} 19. Qxg7 Nxd3 20. cxd3 Qh5 {
y las blancas no pueden proteger la casilla "e2"}) 19... Nxd3 20. cxd3 Bf5 21.
Qxg7 Bxd3+ 22. Kg1 Re2 23. Rc1 Bc2 {tarde o temprano las negras llegan al
punto "g2" con consecuencias fatales para el rey blanco.}) 18. Qxh7 Nb4 19. Bd2
Nxd3 20. cxd3 Bf5 21. Qxg7 Bxd3+ 22. Kg1 Rc8 $2 {
Esta jugada es equivocada e innecesaria; el camino correcto era} (22... Re2 23.
Rc1 Bc2 24. Qxf6+ Kc7 25. Qg5 Qc6 26. f5 Kb6 {con una posición poco clara}) 23.
h4 Re2 {diagrama} 24. Rh3 $1 {Luther de repente consigue reactivar sus torres
y ahora goza de una gran iniciativa. Era interesante} (24. Rc1 Bc2 25. Rxc2
Qxc2 26. Ba5+ Ke8 27. Qg8+ {pero} Ke7 28. Bb4+ Kd7 29. Qf7+ Kc6 30. Qxf6+ Kd5
31. Qf7+ {son tablas.}) 24... Be4 {Había que elegir} (24... Rxd2 25. Rxd3 Rxd3
26. Qg8+ Kc7 27. Qh7+ Kb8 28. Qxd3 Rg8 29. Re1 {
con un peón de más para las blancas.}) 25. Qxf6+ Kc7 26. Rc1 Bc2 27. b4 $2 {
Fritzi en seguida encuentra la jugada decisiva} (27. Rd3 $3 {
y las negras no pueden proteger su peón en d4} Kb8 28. Qxd4 Qc6 29. Rg3 {
ganando}) 27... Qc4 28. Rg3 $2 {Probablemente en apuros de tiempo, Luther hace
un cálculo equivocado. La única jugada era} (28. Be1 {y después de} Rce8 29.
Bf2 d3 30. Rf1 Qxb4 {las negras mantienen, con su poderoso peón pasado en d3,
como mínimo compensación por el peón.}) 28... Rxd2 {
Tan claro como el agua. La partida está ganada para las negras.} 29. Qe5+ Kb6
30. Rg7 Ka7 31. b5 d3 32. Kh2 ({No cambia nada} 32. bxa6 Qxa6 33. Qe3+ Qb6 {
.El resto es bastante fácil.}) 32... Re2 33. Qd6 Re6 34. Qd7 Qxf4+ 35. g3 Qf2+
36. Kh1 Qf3+ 37. Kg1 Re2 38. b6+ Kb8 0-1